00489nam a22001457a 4500008004100000020001800041082001600059100002600075245006900101260004100170300001300211942001200224999001300236952009400249230606b xxu||||| |||| 00| 0 eng d a9789987712076 a346.06bEAC cEAC SECRETARIATd2009 a17th Meeting of the Council of MinistersbEast African Community aArushabEast African Communityc2009 a108pages 2ddccBK c518d518 00102ddc4070a001b001d2023-06-06l0o346.06 EACp1000282r2023-06-06w2023-06-06yBK